000 00319nam a2200121Ia 4500
005 20251222152008.0
008 251222s9999||||xx |||||||||||||| ||spa||
082 _a630/M61
245 0 _aBoletín Estadístico Mensual del Sector Agrario
250 _a1ra.ed.
264 _bOficina de Información Agraria
942 _cLIB
999 _c24801
_d24801